Floures for Latine spekyng selected and gathered out of Terence, and the same translated in to Englyshe, togeather with the exposition and settynge forth as well of suche latyne wordes, as were thought nedefull to be annoted, as also of dyuers grammaticall rules, very profytable and necessary for the expedite knowledge in the latyne tongue: compyled by Nicolas Udall

Bibliographic Details
Main Author: Terence
Other Authors: Udall, Nicholas, 1505-1556
Format: eBook
Language:English
Published: [Londini : In aedibus Thomae Bertelet. Regii impressoris excus, Anno. M.D.XXXVIII. Cum privilegio. [1538]]
Edition:Newly corrected and imprinted.
Series:Early English books online.
Subjects:
Online Access:Connect to the full text of this electronic book

MARC

Tag First Indicator Second Indicator Subfields
LEADER 00000nam a2200000 4500
001 in00004222681
005 20200806095846.0
006 m g d
007 cr bn |||a|bb|
008 910408s1538 enk o 00| | eng d
035 |a (UnM)99841551 
037 |a CL0036000012  |b ProQuest. 789 E. Eisenhower Parkway, Ann Arbor, MI 48108-3218 
040 |a Cu-RivES  |c Cu-RivES  |d CStRLIN  |e dcrb  |d WaOLN 
100 0 |a Terence. 
245 1 0 |a Floures for Latine spekyng selected and gathered out of Terence, and the same translated in to Englyshe, togeather with the exposition and settynge forth as well of suche latyne wordes, as were thought nedefull to be annoted, as also of dyuers grammaticall rules, very profytable and necessary for the expedite knowledge in the latyne tongue: compyled by Nicolas Udall 
250 |a Newly corrected and imprinted. 
260 |a [Londini :  |b In aedibus Thomae Bertelet. Regii impressoris excus,  |c Anno. M.D.XXXVIII. Cum privilegio. [1538]] 
300 |a 1 online resource ([12], 192 leaves 
336 |a text  |b txt  |2 rdacontent 
337 |a computer  |b c  |2 rdamedia 
338 |a online resource  |b cr  |2 rdacarrier 
500 |a Imprint from colophon. 
500 |a Some print show-through; some leaves marked. 
500 |a Reproduction of the original in the Harvard University. Library. 
510 4 |a STC (2nd edition)  |c 23900. 
533 |a Electronic reproduction.  |b Ann Arbor, Mich. :  |c UMI,  |d 1999-  |f (Early English books online)  |n Digital version of: (Early English books, 1475-1640 ; 374:01)  |7 s1999 miun s 
650 0 |a Quotations, Latin  |v Early works to 1800. 
650 0 |a Latin language  |v Conversation and phrase books  |v Early works to 1800. 
700 1 |a Udall, Nicholas,  |d 1505-1556. 
830 0 |a Early English books online. 
856 4 0 |u http://proxy.library.tamu.edu/login?url=https://search.proquest.com/docview/2240866565  |z Connect to the full text of this electronic book  |t 0 
999 f f |s 5b173070-3a70-3664-bdaa-baae4d35eb14  |i 689f91f9-a7cd-3f01-9fbf-1f9564f2aa4a  |t 0 
952 f f |a Texas A&M University  |b College Station  |c Electronic Resources  |d Available Online  |t 0  |h No information provided 
998 f f |t 0  |l Available Online